| 000 | 01910nac a22004335i 4500 | ||
|---|---|---|---|
| 003 | EG-ScBUE | ||
| 005 | 20250526092738.0 | ||
| 006 | a||||fq||z| 00| 0 | ||
| 008 | 080907t2006 maua f b 001 0 eng d | ||
| 020 | _a0072524952 (acid-free paper) | ||
| 020 | _a0073104639 (pkg.) | ||
| 020 | _a0073080136 (CD-ROM) | ||
| 020 | _a0071244492 | ||
| 020 | _a9780071244497 | ||
| 040 |
_aEG-ScBUE _beng _erda _cEG-ScBUE _dEG-ScBUE |
||
| 082 | 0 | 4 |
_a530.141 _bHAY _222 |
| 100 | 1 |
_aHayt, William Hart, _99162 _eauthor. |
|
| 245 | 1 | 0 |
_aEngineering electromagnetics / _cWilliam H. Hayt, Jr., late emeritus professor, Purdue University, John A. Buck, Georgia Institute of Technology. |
| 246 | 3 | 0 | _aElectromagnetics |
| 250 | _aSeventh edition. | ||
| 250 | _aInternational edition. | ||
| 264 | 1 |
_aBoston : _bMcGraw-Hill Higher Education, _c2006. |
|
| 300 |
_axix, 582 pages : _billustrations ; _c24 cm + _e1 CD |
||
| 336 |
_2rdacontent _atext _btxt |
||
| 336 |
_2rdacontent _asounds _bsnd |
||
| 337 |
_aunmediated _2rdamedia _bn |
||
| 337 |
_aaudio _2rdamedia _bs |
||
| 338 |
_avolume _bnc _2rdacarrier |
||
| 338 |
_acomputer disc _bcd _2rdacarrier |
||
| 500 | _aIncludes Appendixes. | ||
| 504 | _aIncludes bibliographical references and index. | ||
| 538 | _aSystem requirements for accompanying CD-ROM: Windows, Pentium II, 64MB, Windows 98, Microsoft Internet Explorer 5.x or Netscape e4.7; Macintosh, Power Macintosh G3, 64MB, OS 9.x, Microsoft Internet Explorer 5.1 or Netscape 4.8.; browser plug-ins: Macromedia Flash player, Macromedia Shockwave player. | ||
| 650 | 7 |
_aElectromagnetic theory. _99163 _2BUEsh |
|
| 655 | _vReading book | ||
| 700 | 1 |
_aBuck, John A., _99164 _eauthor. |
|
| 856 | 4 | 2 |
_3Publisher description _uhttp://www.loc.gov/catdir/enhancements/fy0618/2004060975-d.html |
| 856 | 4 | 2 |
_3Table of contents only _uhttp://www.loc.gov/catdir/enhancements/fy0618/2004060975-t.html |
| 942 |
_cBB _2ddc |
||
| 999 |
_c2956 _d2956 |
||